[Event "U18 Spanish Rapid Championship"]
[Site ""]
[Date "2017.08.05"]
[Round "1"]
[White "Lopez Mulet, Inigo"]
[Black "Represa Perez, Mireya"]
[Result "1-0"]
[WhiteTitle "FM"]
[BlackTitle "WFM"]
[WhiteElo "2186"]
[BlackElo "1764"]
[Board "2"]
[WhiteClock "0:10.04"]
[WhiteCountry "ESP"]
[WhiteFideId "22235620"]
[BlackClock "0:10.05"]
[BlackCountry "ESP"]
[BlackFideId "32010036"]
[WhiteEloChange "2"]
[BlackEloChange "-2"]

1. d4 Nf6 2. c4 g6 3. g3 Bg7 4. Bg2 O-O 5. Nc3 d6 6. Nf3 Nc6 7. O-O e5 8.
d5 Ne7 9. e4 Nd7 10. Ne1 h6 11. Nd3 f5 12. f4 fxe4 13. Nxe4 Nf5 14. Kh1 Nd4
15. Be3 Nf5 16. Bd2 exf4 17. Nxf4 Ne5 18. c5 dxc5 19. Nxc5 Qe7 20. Qc1 Re8
21. Nce6 Bxe6 22. Nxe6 Nd3 23. Qc2 Nb4 24. Qb3 a5 25. a3 Na6 26. d6 Qf7 27.
Qxb7 cxd6 28. Qxf7+ Kxf7 29. Nxg7 Kxg7 30. Bxa8 Rxa8 31. Bxa5 Nc5 32. Bc3+
Kg8 33. Rae1 Rb8 34. g4 Nh4 35. Re7 Na4 36. Rg7+ Kh8 37. Rb7+ Nxc3 38.
Rxb8+ Kg7 39. bxc3 1-0

[Event "U18 Spanish Rapid Championship"]
[Site ""]
[Date "2017.08.05"]
[Round "2"]
[White "Chao Vale, Fernando"]
[Black "Lopez Mulet, Inigo"]
[Result "0-1"]
[BlackTitle "FM"]
[WhiteElo "1848"]
[BlackElo "2186"]
[Board "2"]
[WhiteCountry "ESP"]
[WhiteFideId "22241663"]
[BlackCountry "ESP"]
[BlackFideId "22235620"]
[WhiteEloChange "-3"]
[BlackEloChange "3"]

1. e4 c5 2. Nf3 e6 3. d4 cxd4 4. Nxd4 Nc6 5. Nb5 d6 6. Bf4 e5 7. Be3 Be7 8.
Be2 Nf6 9. Nd2 O-O 10. c4 Be6 11. O-O a6 12. Nc3 Rc8 13. Nd5 Nd7 14. Bg4
Kh8 15. b3 Bg5 16. Qe2 Bxe3 17. fxe3 Qg5 18. Bf3 Nc5 19. Rad1 f5 20. exf5
Bxf5 21. e4 Be6 22. Kh1 Nd4 23. Qf2 b5 24. Qe3 Qxe3 25. Nxe3 g6 26. Nd5 Rf7
27. Kg1 Bxd5 28. exd5 Rcf8 29. Bg4 h5 30. Rxf7 Rxf7 31. Bf3 Kg7 32. cxb5
axb5 33. Ne4 Nxe4 34. Bxe4 Ne2+ 35. Kh1 Nc3 36. Rc1 Nxe4 37. h3 h4 38. Kg1
Ng3 39. a4 0-1

[Event "U18 Spanish Rapid Championship"]
[Site ""]
[Date "2017.08.05"]
[Round "3"]
[White "Lopez Mulet, Inigo"]
[Black "Hernandez Torralba, Jose Joaquin"]
[Result "1-0"]
[WhiteTitle "FM"]
[WhiteElo "2186"]
[BlackElo "1740"]
[Board "1"]
[WhiteClock "0:10.16"]
[WhiteCountry "ESP"]
[WhiteFideId "22235620"]
[BlackClock "0:10.08"]
[BlackCountry "ESP"]
[BlackFideId "32030770"]
[WhiteEloChange "2"]
[BlackEloChange "-2"]

1. d4 Nf6 2. f3 g6 3. c4 d5 4. cxd5 Nxd5 5. e4 Nb6 6. Nc3 Bg7 7. Be3 O-O 8.
Qd2 e5 9. d5 c6 10. h4 cxd5 11. exd5 N8d7 12. Nh3 Nf6 13. O-O-O Qd7 14. Bb5
Qd6 15. Bh6 Rd8 16. Bxg7 Kxg7 17. h5 Nbxd5 18. hxg6 Qc5 19. Nf2 Nxc3 20.
Qh6+ 1-0

[Event "U18 Spanish Rapid Championship"]
[Site ""]
[Date "2017.08.05"]
[Round "3"]
[White "Domingo Nunez, Ruben"]
[Black "Jimenez Anders, Valentin"]
[Result "1-0"]
[WhiteTitle "FM"]
[WhiteElo "2116"]
[BlackElo "1637"]
[Board "2"]
[WhiteClock "0:10.03"]
[WhiteCountry "ESP"]
[WhiteFideId "22245570"]
[BlackClock "0:10.09"]
[BlackCountry "ESP"]
[BlackFideId "22297006"]
[WhiteEloChange "2"]
[BlackEloChange "-2"]

1. e4 e6 2. Nf3 d5 3. Nc3 Nf6 4. e5 Nfd7 5. d4 c5 6. dxc5 Bxc5 7. Bd3 Nc6
8. Bf4 h6 9. h4 a6 10. h5 b5 11. a3 Qb6 12. Qe2 Nd4 13. Nxd4 Bxd4 14. Kf1
Nc5 15. Rh3 Nxd3 16. cxd3 Kf8 17. Rg3 Bxc3 18. bxc3 Rh7 19. Qg4 Ke7 20. Be3
Qc6 21. Qb4+ Ke8 22. Bc5 a5 23. Qd4 Ba6 24. Kg1 Rc8 25. Bd6 Qxc3 26. Qa7
1-0

[Event "U18 Spanish Rapid Championship"]
[Site ""]
[Date "2017.08.05"]
[Round "4"]
[White "Rodriguez Mellado, Antonio"]
[Black "Lopez Mulet, Inigo"]
[Result "0-1"]
[BlackTitle "FM"]
[WhiteElo "1984"]
[BlackElo "2186"]
[Board "1"]
[WhiteClock "0:10.05"]
[WhiteCountry "ESP"]
[WhiteFideId "22243038"]
[BlackClock "0:10.05"]
[BlackCountry "ESP"]
[BlackFideId "22235620"]
[WhiteEloChange "-5"]
[BlackEloChange "5"]

1. e4 e6 2. d4 d5 3. Nd2 Be7 4. Ngf3 Nf6 5. e5 Nfd7 6. c3 c5 7. Bd3 Nc6 8.
Bc2 g5 9. h3 Qb6 10. dxc5 Bxc5 11. O-O Ndxe5 12. Nxg5 Bd7 13. Qh5 O-O-O 14.
Ndf3 f6 15. Nxe5 Nxe5 16. Nf3 Be8 17. Qh4 Nxf3+ 18. gxf3 Bg6 19. Bb3 Bd3
20. Bf4 Bxf1 21. Rxf1 e5 22. Bh2 Rhg8+ 23. Kh1 Rg7 24. f4 Qb5 25. Rg1 Rxg1+
26. Bxg1 Qd3 27. Qg4+ f5 28. Qg3 Qxg3 29. fxg3 Bxg1 30. Kxg1 e4 31. Kf2 Kc7
32. g4 Kd6 33. g5 h6 34. h4 hxg5 35. fxg5 Ke5 36. Bd1 Rg8 37. Bh5 Rh8 38.
g6 Kf6 39. Bd1 Rxh4 40. Bb3 Kxg6 41. Bxd5 b6 42. Ke3 Kf6 43. Kd4 Rh2 0-1

[Event "U18 Spanish Rapid Championship"]
[Site ""]
[Date "2017.08.05"]
[Round "4"]
[White "Villemur Tamarit, Juan"]
[Black "Domingo Nunez, Ruben"]
[Result "0-1"]
[BlackTitle "FM"]
[WhiteElo "1921"]
[BlackElo "2116"]
[Board "2"]
[WhiteClock "0:10.05"]
[WhiteCountry "ESP"]
[WhiteFideId "22280332"]
[BlackClock "0:10.05"]
[BlackCountry "ESP"]
[BlackFideId "22245570"]
[WhiteEloChange "-5"]
[BlackEloChange "5"]

1. d4 Nf6 2. Nf3 b6 3. c4 e6 4. a3 Bb7 5. Nc3 g6 6. d5 Bg7 7. e4 O-O 8. Bd3
exd5 9. cxd5 d6 10. O-O Nbd7 11. Bg5 h6 12. Be3 Ng4 13. Bd4 Nge5 14. Nxe5
dxe5 15. Be3 f5 16. exf5 gxf5 17. f3 Kh8 18. Qc2 e4 19. fxe4 Qe7 20. Rae1
fxe4 21. Bxe4 Rxf1+ 22. Rxf1 Re8 23. Bd2 Ba6 24. Rf3 Nc5 25. Rf4 Be5 26.
Rg4 h5 27. Rg6 Bd4+ 28. Kh1 Nxe4 29. Rh6+ Kg8 30. Rg6+ Kf7 31. Nxe4 Qxe4
32. Qxc7+ Kxg6 33. Qc6+ Bf6 0-1

[Event "U18 Spanish Rapid Championship"]
[Site ""]
[Date "2017.08.06"]
[Round "5"]
[White "Lopez Mulet, Inigo"]
[Black "Domingo Nunez, Ruben"]
[Result "1/2-1/2"]
[WhiteTitle "FM"]
[BlackTitle "FM"]
[WhiteElo "2186"]
[BlackElo "2116"]
[Board "1"]
[WhiteClock "n/a"]
[WhiteCountry "ESP"]
[WhiteFideId "22235620"]
[BlackClock "n/a"]
[BlackCountry "ESP"]
[BlackFideId "22245570"]
[WhiteEloChange "-2"]
[BlackEloChange "2"]

1. d4 Nf6 2. c4 e6 3. g3 c5 4. Nf3 cxd4 5. Nxd4 a6 6. Nc3 Be7 7. Bg2 d6 8.
O-O O-O 9. a4 Qc7 10. b3 d5 11. Bg5 dxc4 12. Rc1 Rd8 13. bxc4 Nc6 14. e3
Bd7 15. Qb3 Rac8 16. Rfd1 Na5 17. Qb1 h6 18. Bxf6 Bxf6 19. Qb4 Be8 20. Ne4
Be7 21. c5 Nc6 22. Nxc6 Rxd1+ 23. Rxd1 Bxc6 24. Nd6 Rd8 25. Qf4 Bf6 26. Rb1
Bxg2 27. Kxg2 Qxc5 28. Nxb7 Qc6+ 29. Qf3 Qc2 30. Nxd8 Qxb1 1/2-1/2

[Event "U18 Spanish Rapid Championship"]
[Site ""]
[Date "2017.08.06"]
[Round "5"]
[White "Portela Peleteiro, Alberto"]
[Black "Plazuelo Pascual, Juan"]
[Result "1/2-1/2"]
[WhiteTitle "FM"]
[BlackTitle "FM"]
[WhiteElo "2132"]
[BlackElo "2109"]
[Board "2"]
[WhiteClock "0:10.05"]
[WhiteCountry "ESP"]
[WhiteFideId "22276106"]
[BlackClock "0:10.05"]
[BlackCountry "ESP"]
[BlackFideId "32059566"]
[WhiteEloChange "-1"]
[BlackEloChange "1"]

1. g3 d5 2. Bg2 e5 3. d3 c6 4. Nd2 Bd6 5. e4 Nf6 6. Ngf3 O-O 7. O-O Re8 8.
c3 Nbd7 9. Qc2 Qc7 10. b3 b6 11. Bb2 Bb7 12. a3 Rad8 13. b4 Bf8 14. c4 dxe4
15. dxe4 g6 16. Rfd1 Bg7 17. c5 bxc5 18. bxc5 Qa5 19. Rac1 Bf8 20. Nb3 Qa4
21. Nxe5 Nxe5 22. Rxd8 Rxd8 23. Bxe5 Nd7 24. Bb2 Bg7 25. Rd1 Bxb2 26. Qxb2
Ba6 27. Bh3 Bc4 28. Rxd7 Rxd7 29. Bxd7 Bxb3 30. Bxc6 Qxc6 31. Qxb3 Qxc5 32.
Kg2 h5 33. h4 a5 34. a4 Kg7 35. Qd5 Qb4 36. Qe5+ Kg8 37. Qe8+ Kg7 38. Qc6
Qd4 39. Qc2 Qb4 40. f4 Qd4 41. e5 Qd5+ 42. Kh2 Qd4 43. Kg2 Qd5+ 44. Kh2 Qd4
45. Qb3 Qf2+ 46. Kh1 1/2-1/2

[Event "U18 Spanish Rapid Championship"]
[Site ""]
[Date "2017.08.06"]
[Round "5"]
[White "Perez Garcia, Alejandro"]
[Black "Vidal Fernandez, Pablo"]
[Result "1-0"]
[WhiteTitle "IM"]
[WhiteElo "2123"]
[BlackElo "1856"]
[Board "3"]
[WhiteClock "0:08.03"]
[WhiteCountry "ESP"]
[WhiteFideId "32041543"]
[BlackClock "0:10.05"]
[BlackCountry "ESP"]
[BlackFideId "32041705"]
[WhiteEloChange "4"]
[BlackEloChange "-4"]

1. d4 e6 2. Nf3 d5 3. Bf4 Nf6 4. c3 c5 5. Nbd2 Nc6 6. e3 Bd6 7. Bg3 O-O 8.
Bb5 Ne7 9. Bd3 b6 10. e4 dxe4 11. Nxe4 Nxe4 12. Bxe4 Rb8 13. Bxh7+ Kxh7 14.
Ng5+ Kg6 15. Ne4 Bc7 16. Qg4+ Kh7 17. Qh5+ Kg8 18. Ng5 Re8 19. Qxf7+ Kh8
20. Qh5+ Kg8 21. Qf7+ Kh8 22. Bxc7 Qxc7 23. Qh5+ Kg8 24. Qxe8# 1-0

[Event "U18 Spanish Rapid Championship"]
[Site ""]
[Date "2017.08.06"]
[Round "5"]
[White "Calvo Simon, Jorge"]
[Black "Domingo Nunez, Alejandro"]
[Result "0-1"]
[BlackTitle "FM"]
[WhiteElo "1849"]
[BlackElo "2023"]
[Board "4"]
[WhiteClock "0:10.05"]
[WhiteCountry "ESP"]
[WhiteFideId "22216340"]
[BlackClock "0:10.05"]
[BlackCountry "ESP"]
[BlackFideId "22245561"]
[WhiteEloChange "-5"]
[BlackEloChange "5"]

1. e4 e6 2. d4 d5 3. e5 c5 4. c3 Nc6 5. Nf3 Qb6 6. a3 a5 7. Bd3 Bd7 8. O-O
cxd4 9. cxd4 Nxd4 10. Nxd4 Qxd4 11. Nc3 Qb6 12. Be3 d4 13. Bb5 Bxb5 14.
Bxd4 Qa6 15. Re1 Rd8 16. Qg4 Nh6 17. Qe4 Bc6 18. Qf4 g5 19. Qf6 Rg8 20.
Rad1 Rd7 21. Be3 Ng4 22. Ne4 Bxe4 23. Rxd7 Nxf6 0-1

[Event "U18 Spanish Rapid Championship"]
[Site ""]
[Date "2017.08.06"]
[Round "5"]
[White "Nieves Cabanes, Jose Manuel"]
[Black "Toval Lopez, Alberto"]
[Result "1-0"]
[WhiteTitle "FM"]
[WhiteElo "2011"]
[BlackElo "1810"]
[Board "5"]
[WhiteClock "0:10.05"]
[WhiteCountry "ESP"]
[WhiteFideId "22245715"]
[BlackClock "0:10.05"]
[BlackCountry "ESP"]
[BlackFideId "32094817"]
[WhiteEloChange "5"]
[BlackEloChange "-5"]

1. Nf3 Nf6 2. c4 g6 3. b4 Bg7 4. Bb2 d6 5. e3 e5 6. d4 e4 7. Nfd2 O-O 8.
Nc3 Re8 9. Be2 Nc6 10. b5 Nb8 11. O-O h5 12. a4 Bf5 13. a5 Nbd7 14. a6 b6
15. Na2 Nf8 16. Nb4 N6d7 17. Nc6 Qg5 18. Re1 Nc5 19. dxc5 Bxb2 20. Rb1 Be5
21. Nxe5 dxe5 22. cxb6 cxb6 23. Qc2 Ne6 24. Nxe4 Bxe4 25. Qxe4 Nc5 26. Qc2
Rad8 27. Rbd1 Rxd1 28. Rxd1 Rd8 29. Rd5 Rxd5 30. cxd5 Qd8 31. Bc4 Qd6 32.
h3 Kf8 33. Qe2 e4 34. Qb2 Kg8 35. Qd4 Kh7 36. Ba2 f5 37. Bc4 Nd7 38. Be2
Nc5 39. f3 Kg8 40. fxe4 fxe4 41. Bd1 Qg3 42. Bc2 Qe1+ 43. Kh2 Qh4 44. d6
Kf8 45. d7 Qd8 46. Bxe4 Qxd7 47. Bxg6 Qc7+ 48. Kg1 Ne6 49. Qf6+ 1-0

[Event "U18 Spanish Rapid Championship"]
[Site ""]
[Date "2017.08.06"]
[Round "5"]
[White "Lancharro Delgado, Cristina"]
[Black "Villemur Tamarit, Juan"]
[Result "0-1"]
[WhiteElo "1450"]
[BlackElo "1921"]
[Board "7"]
[WhiteClock "0:10.05"]
[WhiteCountry "ESP"]
[WhiteFideId "32053355"]
[BlackClock "0:10.05"]
[BlackCountry "ESP"]
[BlackFideId "22280332"]
[WhiteEloChange "-2"]
[BlackEloChange "2"]

1. e4 c6 2. d4 d5 3. Nc3 dxe4 4. Nxe4 Bf5 5. Ng3 Bg6 6. Nf3 Nd7 7. h4 h6 8.
h5 Bh7 9. Bd3 Bxd3 10. Qxd3 e6 11. Bf4 Qa5+ 12. Bd2 Qc7 13. O-O-O Ngf6 14.
Ne4 O-O-O 15. Nxf6 Nxf6 16. c4 c5 17. Qc3 Ne4 18. Qe3 Nxd2 19. Nxd2 cxd4
20. Qd3 e5 21. Rhe1 f6 22. Kb1 Bb4 23. a3 Bxd2 24. Rxd2 Rhf8 25. Qf5+ Qd7
26. Qf3 Rfe8 27. Red1 f5 28. Qd3 Qf7 29. Qg3 f4 30. Qg4+ Qd7 31. Qf3 Qf5+
32. Ka1 e4 33. Qb3 e3 34. fxe3 fxe3 35. Rd3 e2 36. Re1 Re3 37. Rxe3 dxe3
38. Ka2 Qf2 39. Qb4 Rd1 40. Qc5+ Kd8 41. Qa5+ b6 42. Qxa7 Qxe1 43. Qxb6+
Kd7 44. Qb7+ Ke6 45. Qe4+ Kd6 46. Qf4+ Kd7 47. Qf5+ Kc7 48. Qe5+ Rd6 49. c5
Qd1 50. cxd6+ Qxd6 51. Qxg7+ Kc6 52. Qc3+ Qc5 53. Qf6+ Kb5 54. a4+ Kb4 55.
Qf4+ 0-1

[Event "U18 Spanish Rapid Championship"]
[Site ""]
[Date "2017.08.06"]
[Round "5"]
[White "Fernandez Lopez, Alejandro I"]
[Black "Martin Carmona, Gaston Manuel"]
[Result "0-1"]
[WhiteElo "1774"]
[BlackElo "1958"]
[Board "9"]
[WhiteClock "0:10.05"]
[WhiteCountry "ESP"]
[WhiteFideId "32063490"]
[BlackClock "0:10.05"]
[BlackCountry "ESP"]
[BlackFideId "22284567"]
[WhiteEloChange "-5"]
[BlackEloChange "5"]

1. e4 c5 2. Nf3 d6 3. d4 Nf6 4. Nc3 cxd4 5. Nxd4 g6 6. Be3 Bg7 7. f3 Nc6 8.
Qd2 O-O 9. O-O-O d5 10. Qe1 e5 11. Nxc6 bxc6 12. exd5 Nxd5 13. Bc4 Be6 14.
Ne4 Qc7 15. Bc5 Rfd8 16. h4 h6 17. g4 f5 18. gxf5 gxf5 19. Ng3 Qf7 20. Rg1
Rab8 21. Nh5 Qxh5 22. Qxe5 Qf7 23. Rxg7+ Qxg7 24. Rg1 Qxg1+ 25. Bxg1 Kf7
26. Bd4 Rg8 27. b3 Rb7 28. Bd3 Rd7 29. Bxf5 Bxf5 30. Qxf5+ Ke7 31. c4 Nc7
32. Bf6+ Ke8 33. Be5 Kd8 34. Bxc7+ Kxc7 35. Qe5+ Kb7 36. Qc3 Rg2 37. Qb4+
Kc7 38. Qa5+ Kb7 39. Qb4+ Kc7 40. Qa5+ Kb7 41. Qb4+ Kc8 42. Qf8+ Kc7 43.
Qxh6 Re7 44. Qf4+ Kb7 45. h5 Re1# 0-1

[Event "U18 Spanish Rapid Championship"]
[Site ""]
[Date "2017.08.06"]
[Round "5"]
[White "Guerra Arrocha, Daniel"]
[Black "Hernandez Torralba, Jose Joaquin"]
[Result "1-0"]
[WhiteElo "1952"]
[BlackElo "1740"]
[Board "10"]
[WhiteClock "n/a"]
[WhiteCountry "ESP"]
[WhiteFideId "22242945"]
[BlackClock "n/a"]
[BlackCountry "ESP"]
[BlackFideId "32030770"]
[WhiteEloChange "5"]
[BlackEloChange "-5"]

1. e4 c5 2. Nf3 d6 3. Bb5+ Bd7 4. Bxd7+ Qxd7 5. O-O Nf6 6. Re1 e6 7. c3 Nc6
8. d4 cxd4 9. cxd4 d5 10. e5 Ne4 11. Nc3 Nxc3 12. bxc3 Be7 13. Rb1 O-O 14.
Bg5 Rac8 15. Qa4 Rc7 16. Bxe7 Nxe7 17. Qxa7 Rfc8 18. h3 b5 19. Qa5 Rxc3 20.
Qxb5 Qa7 21. Qb7 Qxb7 22. Rxb7 Nc6 23. Ng5 Nxd4 24. Nxf7 Ra8 25. Rd1 Ne2+
26. Kf1 Rxa2 27. Ng5 g6 28. Nxh7 Rcc2 29. Nf6+ Kf8 30. Rdb1 Ng3+ 31. Kg1
Ne2+ 32. Kh2 g5 33. Rh7 Rc8 34. Rh8+ Kg7 35. Rxc8 d4 36. g4 Nf4 1-0

[Event "U18 Spanish Rapid Championship"]
[Site ""]
[Date "2017.08.06"]
[Round "6"]
[White "Domingo Nunez, Alejandro"]
[Black "Lopez Mulet, Inigo"]
[Result "1/2-1/2"]
[WhiteTitle "FM"]
[BlackTitle "FM"]
[WhiteElo "2023"]
[BlackElo "2186"]
[Board "1"]
[WhiteClock "n/a"]
[WhiteCountry "ESP"]
[WhiteFideId "22245561"]
[BlackClock "n/a"]
[BlackCountry "ESP"]
[BlackFideId "22235620"]
[WhiteEloChange "4"]
[BlackEloChange "-4"]

1. e4 e6 2. d4 d5 3. Nd2 Nc6 4. Ngf3 Nf6 5. e5 Nd7 6. c3 f6 7. Bb5 fxe5 8.
Nxe5 Ncxe5 9. dxe5 c6 10. Bd3 Nxe5 11. Qh5+ Nf7 12. Bxh7 Qg5 13. Qxg5 Nxg5
14. Bg6+ Kd8 15. Nc4 Be7 16. Ne5 Rf8 17. Bxg5 Bxg5 18. Nf7+ Rxf7 19. Bxf7
e5 20. h4 Bh6 21. Bg6 Ke7 22. f3 Be6 23. Ke2 a5 24. Rae1 a4 25. Kd3 Kf6 26.
h5 b5 27. g3 c5 28. Rh2 d4 29. cxd4 cxd4 30. Rh4 Bxa2 31. f4 exf4 32. gxf4
Rd8 33. Re5 Bc4+ 34. Ke4 d3 35. Rf5+ Ke7 36. Re5+ Kf6 37. Rf5+ Ke7 38. Re5+
Kf6 39. Rf5+ 1/2-1/2

[Event "U18 Spanish Rapid Championship"]
[Site ""]
[Date "2017.08.06"]
[Round "6"]
[White "Domingo Nunez, Ruben"]
[Black "Portela Peleteiro, Alberto"]
[Result "1-0"]
[WhiteTitle "FM"]
[BlackTitle "FM"]
[WhiteElo "2116"]
[BlackElo "2132"]
[Board "2"]
[WhiteClock "0:10.05"]
[WhiteCountry "ESP"]
[WhiteFideId "22245570"]
[BlackClock "0:10.05"]
[BlackCountry "ESP"]
[BlackFideId "22276106"]
[WhiteEloChange "10"]
[BlackEloChange "-10"]

1. e4 e5 2. Nf3 d6 3. Bc4 Be7 4. O-O Nf6 5. Re1 O-O 6. d3 c6 7. Bb3 Nbd7 8.
c3 a6 9. h3 b5 10. d4 c5 11. a4 Bb7 12. Nbd2 cxd4 13. cxd4 Qb6 14. Bc2 Rac8
15. axb5 axb5 16. Nb3 Ra8 17. Bd2 Rxa1 18. Qxa1 Ra8 19. Qd1 Bf8 20. Bb4 Ra4
21. Qd2 Ra8 22. Na5 Rc8 23. Nxb7 Qxb7 24. Qd3 d5 25. Bxf8 dxe4 26. Qb3 exf3
27. Bd6 e4 28. gxf3 Qc6 29. Bc5 Nxc5 30. dxc5 Qxc5 31. Bxe4 Qg5+ 32. Kf1
Rc1 33. Qd3 Rxe1+ 34. Kxe1 g6 35. Ke2 Kg7 36. b4 Qe5 37. Qc2 Nh5 38. Ke3 f5
39. Qc5 Qf4+ 40. Ke2 fxe4 41. Qe7+ Kh6 42. fxe4 Ng7 43. f3 Qg5 44. Qd7 Nh5
45. Kd3 Nf4+ 46. Kd4 Ne2+ 47. Kd3 Ng3 48. Kc2 Nh5 49. Kd3 Qe5 50. Qd8 Nf4+
51. Ke3 Ne6 52. Qh4+ Qh5 53. Qf2 Qxh3 54. Qd2 Qh5 55. Qd6 Qg5+ 56. Kf2 Nf4
57. Qf8+ Kh5 58. Qc8 h6 59. Qd7 Qg2+ 60. Ke3 Qg5 61. Kf2 Qe5 62. Qg4# 1-0

[Event "U18 Spanish Rapid Championship"]
[Site ""]
[Date "2017.08.06"]
[Round "6"]
[White "Villemur Tamarit, Juan"]
[Black "Perez Garcia, Alejandro"]
[Result "0-1"]
[BlackTitle "IM"]
[WhiteElo "1921"]
[BlackElo "2123"]
[Board "3"]
[WhiteClock "0:10.05"]
[WhiteCountry "ESP"]
[WhiteFideId "22280332"]
[BlackClock "0:10.05"]
[BlackCountry "ESP"]
[BlackFideId "32041543"]
[WhiteEloChange "-5"]
[BlackEloChange "5"]

1. d4 d5 2. Nf3 Nf6 3. c4 c6 4. Nc3 dxc4 5. a4 Bf5 6. e3 e6 7. Bxc4 Bb4 8.
O-O Nbd7 9. Bd2 O-O 10. Nh4 Bg4 11. Qc2 e5 12. Bd3 Qa5 13. h3 Be6 14. Rfd1
exd4 15. exd4 Rad8 16. Nf3 h6 17. Ne4 Nxe4 18. Bxe4 Nf6 19. Be3 Nxe4 20.
Qxe4 Qf5 21. Qxf5 Bxf5 22. d5 Be4 23. Bxa7 Bxd5 24. Bb6 Rde8 25. Nd4 Re4
26. f3 Re5 27. a5 Rfe8 28. Kf2 c5 29. Nb5 Bc6 30. Nc7 Re2+ 31. Kg1 R8e5 32.
Rd3 Rxb2 33. a6 bxa6 34. Rxa6 Ree2 0-1

[Event "U18 Spanish Rapid Championship"]
[Site ""]
[Date "2017.08.06"]
[Round "6"]
[White "Plazuelo Pascual, Juan"]
[Black "Rottenwohrer Suarez, Juan"]
[Result "1/2-1/2"]
[WhiteTitle "FM"]
[BlackTitle "CM"]
[WhiteElo "2109"]
[BlackElo "1871"]
[Board "5"]
[WhiteClock "0:10.05"]
[WhiteCountry "ESP"]
[WhiteFideId "32059566"]
[BlackClock "0:10.05"]
[BlackCountry "ESP"]
[BlackFideId "32068182"]
[WhiteEloChange "-6"]
[BlackEloChange "6"]

1. d4 Nf6 2. Nc3 d5 3. Bf4 Bf5 4. f3 e6 5. g4 Bg6 6. e3 h5 7. g5 Nfd7 8.
Bd3 Bxd3 9. cxd3 a6 10. h4 Nc6 11. Bg3 Bd6 12. Nge2 Qe7 13. Qd2 O-O-O 14.
O-O-O Kb8 15. Kb1 Nb6 16. Rc1 Rhe8 17. Rhe1 e5 18. dxe5 Nxe5 19. Bxe5 Qxe5
20. Nd4 c5 21. f4 Qe7 22. Nf5 Qf8 23. Qf2 g6 24. Nxd6 Qxd6 25. Ka1 Qe6 26.
e4 d4 27. Ne2 Rc8 28. f5 Qd6 29. Qf4 Re5 30. Ng1 Ka7 31. Nf3 Rd5 32. Qd2
Re5 33. Nxe5 Qxe5 34. fxg6 fxg6 35. b3 Nd7 36. Rf1 Qg3 37. Rg1 Qxh4 38.
Rcf1 Ne5 39. Qf4 Qxf4 40. Rxf4 Nxd3 41. Rf6 Rg8 42. Rg3 Ne5 43. Kb2 Re8 44.
Kc2 b5 45. Rg1 Kb7 46. a4 h4 47. axb5 axb5 48. Rh1 c4 49. bxc4 bxc4 50.
Rxh4 Re7 51. Rd6 d3+ 52. Kc3 Kc7 53. Ra6 Kb7 54. Rf6 Rd7 55. Rh2 Ng4 56.
Rb2+ Kc7 57. Rfb6 Ne3 58. Rb7+ Kd8 59. Rxd7+ Kxd7 60. Rb6 1/2-1/2

[Event "U18 Spanish Rapid Championship"]
[Site ""]
[Date "2017.08.06"]
[Round "6"]
[White "Martin Carmona, Gaston Manuel"]
[Black "Mari Copa, Adria"]
[Result "1-0"]
[WhiteElo "1958"]
[BlackElo "1769"]
[Board "6"]
[WhiteClock "n/a"]
[WhiteCountry "ESP"]
[WhiteFideId "22284567"]
[BlackClock "n/a"]
[BlackCountry "ESP"]
[BlackFideId "22276122"]
[WhiteEloChange "5"]
[BlackEloChange "-5"]

1. Nf3 d6 2. c4 e5 3. b3 g6 4. Bb2 Bg7 5. e3 Nd7 6. Qc2 Ne7 7. d4 O-O 8.
Nc3 c6 9. Be2 Qc7 10. h4 h6 11. O-O-O a5 12. dxe5 dxe5 13. Ne4 a4 14. h5
axb3 15. axb3 f5 16. Nd6 g5 17. c5 Nd5 18. Nxf5 Rxf5 19. Qxf5 Nxc5 20. Qc2
Qa5 21. Nxe5 Nb4 22. Bc4+ Kf8 23. Qg6 Na2+ 24. Kb1 Nc3+ 25. Bxc3 Qa2+ 26.
Kc1 1-0

[Event "U18 Spanish Rapid Championship"]
[Site ""]
[Date "2017.08.06"]
[Round "6"]
[White "Vazquez Pino, Miguel A."]
[Black "Guerra Arrocha, Daniel"]
[Result "1/2-1/2"]
[WhiteElo "1473"]
[BlackElo "1952"]
[Board "7"]
[WhiteClock "0:10.05"]
[WhiteCountry "ESP"]
[WhiteFideId "32041713"]
[BlackClock "0:10.05"]
[BlackCountry "ESP"]
[BlackFideId "22242945"]
[WhiteEloChange "8"]
[BlackEloChange "-8"]

1. e4 c5 2. Nf3 a6 3. c4 Nc6 4. d4 cxd4 5. Nxd4 e5 6. Nc2 Nf6 7. Nc3 Bc5 8.
Bd3 d6 9. O-O Be6 10. Ne3 O-O 11. Ned5 Bd4 12. Bg5 Bxc3 13. Bxf6 gxf6 14.
bxc3 Bxd5 15. exd5 Ne7 16. Qh5 Ng6 17. f4 Qb6+ 18. Kh1 Qe3 19. Rf3 Qd2 20.
Rh3 Qxg2+ 21. Kxg2 Nxf4+ 22. Kh1 Nxh5 23. Rxh5 Rfe8 24. Bxh7+ Kf8 25. Rf1
Ke7 26. Bd3 Rh8 27. Rhf5 Rh6 28. Rb1 Rb8 29. c5 dxc5 30. Bxa6 b6 31. a4 Rh3
32. a5 Rxc3 33. axb6 Ra3 34. Bc4 Ra4 35. d6+ Kxd6 36. Rxf6+ Ke7 37. Rxf7+
Ke8 38. Bb5+ Kxf7 39. Bxa4 Ke6 40. Bc6 Kd6 41. Be4 c4 42. b7 Kc5 43. Rd1 c3
44. Rd5+ Kc4 45. Rd7 Kc5 46. Rc7+ Kd4 47. Rc8 c2 48. Bxc2 Rxb7 49. Re8 Rc7
50. Bg6 Rc6 51. Bh7 Rc7 52. Rh8 1/2-1/2

[Event "U18 Spanish Rapid Championship"]
[Site ""]
[Date "2017.08.06"]
[Round "6"]
[White "Porlan Minarro, Antonio"]
[Black "Garcia Martin, Marta"]
[Result "0-1"]
[BlackTitle "FM"]
[WhiteElo "1777"]
[BlackElo "2026"]
[Board "9"]
[WhiteClock "0:10.05"]
[WhiteCountry "ESP"]
[WhiteFideId "22294821"]
[BlackClock "0:10.05"]
[BlackCountry "ESP"]
[BlackFideId "32084030"]
[WhiteEloChange "-4"]
[BlackEloChange "4"]

1. e4 e5 2. Nf3 Nc6 3. Be2 Nf6 4. d3 Bc5 5. c3 d6 6. b4 Bb6 7. O-O h6 8.
Nbd2 Be6 9. Qc2 a5 10. b5 Ne7 11. d4 Ng6 12. Rd1 Nh5 13. Nc4 Bxc4 14. Bxc4
Qf6 15. Bd5 Rb8 16. c4 exd4 17. Bb2 Ne5 18. Nxd4 O-O 19. Nf5 Nf4 20. Kh1
Qg5 21. f3 c6 22. bxc6 bxc6 23. Bxe5 dxe5 24. Bxc6 g6 25. Ng3 h5 26. c5 Bd8
27. Bd5 Be7 28. c6 h4 29. Nf1 h3 30. g3 Ng2 31. c7 Rbc8 32. Bb7 Qf6 33. Rd3
Bb4 34. Bxc8 Rxc8 35. Rad1 Be7 36. Qd2 Kg7 37. Qe2 Rxc7 38. Ne3 Nxe3 39.
Qxe3 Bc5 40. Qe2 Bd4 41. f4 Rc4 42. fxe5 Qxe5 43. Rf3 Rc7 44. Rdf1 Re7 45.
Qc4 Qxe4 46. Qb3 f6 0-1